00515 2200181 4500001002100000005001500021035002000036007000300056008004100059082001100100084001700111100001700128245009500145260004800240300002400288990001000312990001100322INLIS00000000000923120210702020049 a0010-0721000057ta210702 g 0 ind  a028.55 a028.55 IDE c0 aIdeo, Watiek1 aCrocoffein :bkopi persahabatan dan 7 cerita asyik lainnya /cWatiek Ideo, Fitri Kurniawan aJakarta :bPT.Gramedia Pustaka Utama,c2013 a164 hlm. ;c27,5 cm a15029 a15029a